<?xml version="1.0" encoding="UTF-8"?>
<record
    xmlns:xsi="http://www.w3.org/2001/XMLSchema-instance"
    xsi:schemaLocation="http://www.loc.gov/MARC21/slim http://www.loc.gov/standards/marcxml/schema/MARC21slim.xsd"
    xmlns="http://www.loc.gov/MARC21/slim">

  <leader>01025nab a22002177a 4500</leader>
  <controlfield tag="005">20150810134638.0</controlfield>
  <controlfield tag="008">150806b1982    ck |||||r|||| 00| 0 spa d</controlfield>
  <datafield tag="040" ind1=" " ind2=" ">
    <subfield code="a">CO-BoIAVH</subfield>
    <subfield code="c">CO-BoIAVH</subfield>
  </datafield>
  <datafield tag="041" ind1="0" ind2=" ">
    <subfield code="a">spa</subfield>
  </datafield>
  <datafield tag="044" ind1=" " ind2=" ">
    <subfield code="a">ck</subfield>
  </datafield>
  <datafield tag="110" ind1="1" ind2=" ">
    <subfield code="a">Universidad del Tolima</subfield>
    <subfield code="b">, Grupo ecol&#xF3;gico</subfield>
    <subfield code="9">36710</subfield>
  </datafield>
  <datafield tag="245" ind1="1" ind2=" ">
    <subfield code="a">Aqu&#xED;, San Andr&#xE9;s S.O.S.</subfield>
  </datafield>
  <datafield tag="260" ind1="3" ind2=" ">
    <subfield code="a">Ibagu&#xE9; (Colombia):</subfield>
    <subfield code="b">Centro de publicaciones Universidad del Tolima,</subfield>
    <subfield code="c">1982.</subfield>
  </datafield>
  <datafield tag="300" ind1=" " ind2=" ">
    <subfield code="a">Vol.6, Nro. 63, A&#xF1;o 1982, Pag. 1-2.</subfield>
  </datafield>
  <datafield tag="505" ind1=" " ind2=" ">
    <subfield code="a">Impacto sobre la ecoestructura natural.
Impacto sobre la ecoestructura social.
Una sociedad al margen de la ley.
Hacia  el futuro: Ecodesarrollo y gesti&#xF3;n ambiental.</subfield>
  </datafield>
  <datafield tag="650" ind1=" " ind2="6">
    <subfield code="a">Ecodesarrollo</subfield>
    <subfield code="z">San Andr&#xE9;s (Colombia)</subfield>
    <subfield code="9">36711</subfield>
  </datafield>
  <datafield tag="650" ind1=" " ind2="6">
    <subfield code="a">Ecolog&#xED;a</subfield>
    <subfield code="x">Estructura</subfield>
    <subfield code="z">San Andr&#xE9;s (Colombia)</subfield>
    <subfield code="9">36712</subfield>
  </datafield>
  <datafield tag="650" ind1=" " ind2="6">
    <subfield code="a">Ecolog&#xED;a</subfield>
    <subfield code="x">Estructura</subfield>
    <subfield code="x">Impacto</subfield>
    <subfield code="z">San Andr&#xE9;s (Colombia)</subfield>
    <subfield code="9">36713</subfield>
  </datafield>
  <datafield tag="773" ind1="0" ind2=" ">
    <subfield code="a">Universidad del Tolima</subfield>
    <subfield code="d">Ibagu&#xE9; (Colombia): Centro de publicaciones de la Universidad del Tolima, 1977-.</subfield>
    <subfield code="t">SOS ecol&#xF3;gico</subfield>
  </datafield>
  <datafield tag="942" ind1=" " ind2=" ">
    <subfield code="2">z</subfield>
    <subfield code="c">ARTICULO</subfield>
  </datafield>
  <datafield tag="999" ind1=" " ind2=" ">
    <subfield code="c">17659</subfield>
    <subfield code="d">17659</subfield>
  </datafield>
</record>
